| 000 | 01010nam a22002537a 4500 | ||
|---|---|---|---|
| 005 | 20100927123449.0 | ||
| 008 | 100927t xxu||||| |||| 00| 0 mard | ||
| 010 | _aMAR-20307 | ||
| 020 |
_c150.00 _a9788172948030 |
||
| 035 | _aMR-12965 | ||
| 037 | _bDBAD / PUB | ||
| 040 |
_aDPL _bMR |
||
| 082 | _a808.856 | ||
| 100 |
_aजोगदेव,प्रमोद _921959 |
||
| 245 |
_aप्रभावी संवाद / _cप्रमोद जोगदेव |
||
| 246 |
_aPrabhavi Samvad _bby Pramod Jagdev |
||
| 260 |
_aपुणे _bदिलीपराज प्रकाशन _c2010 |
||
| 270 |
_a251 क, शनिवार पेठ _bपुणे |
||
| 300 |
_a184पृ _c21सेमी (अजिल्द) |
||
| 650 | _921960 | ||
| 650 | _921961 | ||
| 942 |
_2ddc _cMR _mजोगदे _h808.856 |
||
| 999 |
_c47832 _d47832 |
||